Music Quiz

Random Music or Lyrics Quiz

Ben Folds 'Landed' Lyrics Quiz Stats

Quiz not verified by Sporcle

Challenge
Share
Tweet
Embed
Score 0/266 Timer 10:00
0 Plays Today
% Correct
the
100%
was
100%
and
100%
a
100%
was
100%
was
100%
the
100%
me
100%
you
100%
was
100%
was
100%
and
100%
the
100%
and
100%
the
100%
and
100%
and
100%
me
100%
The
100%
me
100%
and
100%
me
100%
was
100%
the
100%
and
100%
a
100%
was
100%
and
100%
the
100%
and
100%
the
100%
and
100%
the
100%
of
100%
a
100%
you
100%
me
100%
me
100%
And
100%
you
100%
and
100%
the
100%
and
100%
the
100%
and
100%
the
100%
of
100%
the
100%
and
100%
for
100%
me
100%
I
93.8%
thought
93.8%
it
93.8%
my
93.8%
fault
93.8%
in
93.8%
way
93.8%
I
93.8%
guess
93.8%
it
93.8%
just
93.8%
now
93.8%
out
93.8%
what
93.8%
it
93.8%
all
93.8%
about
93.8%
Moved
93.8%
to
93.8%
West
93.8%
Coast
93.8%
away
93.8%
from
93.8%
everyone
93.8%
She
93.8%
never
93.8%
told
93.8%
that
93.8%
called
93.8%
I
93.8%
I
93.8%
in
93.8%
I
93.8%
opened
93.8%
my
93.8%
eyes
93.8%
walked
93.8%
out
93.8%
% Correct
door
93.8%
clouds
93.8%
tumbling
93.8%
down
93.8%
goodbye
93.8%
I
93.8%
tried
93.8%
I
93.8%
it
93.8%
just
93.8%
to
93.8%
it
93.8%
to
93.8%
I've
93.8%
been
93.8%
all
93.8%
So
93.8%
come
93.8%
pick
93.8%
up
93.8%
I've
93.8%
landed
93.8%
she
93.8%
from
93.8%
so
93.8%
ever
93.8%
She
93.8%
to
93.8%
down
93.8%
I
93.8%
believed
93.8%
I
93.8%
crazy
93.8%
in
93.8%
way
93.8%
I
93.8%
guess
93.8%
I
93.8%
I
93.8%
opened
93.8%
my
93.8%
eyes
93.8%
walked
93.8%
out
93.8%
door
93.8%
clouds
93.8%
tumbling
93.8%
down
93.8%
goodbye
93.8%
I
93.8%
tried
93.8%
to
93.8%
goodbye
93.8%
I
93.8%
tried
93.8%
it
93.8%
I've
93.8%
been
93.8%
on
93.8%
so
93.8%
come
93.8%
pick
93.8%
up
93.8%
I've
93.8%
landed
93.8%
be
93.8%
so
93.8%
to
93.8%
I've
93.8%
come
93.8%
I
93.8%
opened
93.8%
my
93.8%
eyes
93.8%
walked
93.8%
out
93.8%
door
93.8%
clouds
93.8%
tumbling
93.8%
down
93.8%
goodbye
93.8%
I
93.8%
tried
93.8%
Down
93.8%
to
93.8%
call
93.8%
I
93.8%
Come
93.8%
pick
93.8%
% Correct
up
93.8%
I've
93.8%
landed
93.8%
bottom
87.5%
I'm
87.5%
finding
87.5%
Back
87.5%
when
87.5%
still
87.5%
still
87.5%
love
87.5%
came
87.5%
it's
87.5%
had
87.5%
myself
87.5%
back
87.5%
one
87.5%
But
87.5%
came
87.5%
it's
87.5%
had
87.5%
myself
87.5%
If
87.5%
some
87.5%
will
87.5%
know
87.5%
alone
87.5%
it's
87.5%
over
87.5%
But
87.5%
came
87.5%
it's
87.5%
comes
87.5%
telephone
87.5%
it's
87.5%
ok
87.5%
will
87.5%
myself
87.5%
We'd
81.3%
hit
81.3%
Until
81.3%
bye
81.3%
bye
81.3%
leave
81.3%
behind
81.3%
flying
81.3%
high
81.3%
night
81.3%
made
81.3%
nothing
81.3%
nothing
81.3%
made
81.3%
push
81.3%
until
81.3%
bye
81.3%
bye
81.3%
leave
81.3%
behind
81.3%
bye
81.3%
bye
81.3%
I'd
81.3%
understand
81.3%
other
81.3%
planet
81.3%
happy
81.3%
bye
81.3%
bye
81.3%
make
75%
right
75%
right
75%
liked
75%
off
75%
because
75%
answer
75%
twisted
68.8%
wrong
68.8%
daily
68.8%
dramas
68.8%
them
68.8%
Treading
68.8%
sea
68.8%
troubled
68.8%
mind
68.8%
wrote
62.5%
reign
62.5%
czar
62.5%
talk
56.3%
singing
50%

You're not logged in!

Compare scores with friends on all Sporcle quizzes.
Sign Up with Email
OR
Log In

You Might Also Like...

Show Comments

Extras

Top Quizzes Today


Score Distribution

Your Account Isn't Verified!

In order to create a playlist on Sporcle, you need to verify the email address you used during registration. Go to your Sporcle Settings to finish the process.